Lyrics to 'Mi Vida Entera' by Morat - Statistics

General Stats
  • This quiz has been taken 38 times
  • The average score is 292 of 309
Answer Stats
Answer % Correct
a
100%
al
100%
Al
100%
alcanza
100%
alejara
100%
besos
100%
casas
100%
Como
100%
con
100%
corazón
100%
daba
100%
Dame
100%
dame
100%
de
100%
derritiera
100%
di
100%
Di
100%
distinguir
100%
e
100%
el
100%
en
100%
entera
100%
entre
100%
es
100%
Es
100%
escribieran
100%
fin
100%
fuera
100%
historia
100%
inventara
100%
inviernos
100%
la
100%
lo
100%
loco
100%
magia
100%
Me
100%
me
100%
mi
100%
mirada
100%
No
100%
no
100%
nuestra
100%
palabras
100%
piedra
100%
pies
100%
poco
100%
podrás
100%
primaveras
100%
problemas
100%
prometiste
100%
que
100%
Que
100%
quema
100%
quiero
100%
quisieras
100%
revivir
100%
Si
100%
si
100%
100%
sin
100%
solo
100%
sólo
100%
sostenerte
100%
tan
100%
te
100%
todo
100%
todos
100%
tu
100%
100%
tus
100%
un
100%
Un
100%
Vas
100%
ver
100%
vida
100%
Y
100%
y
100%
yo
100%
amor
83%
bailamos
83%
cobarde
83%
cuento
83%
descanso
83%
dure
83%
escena
83%
este
83%
existiera
83%
final
83%
más
83%
mejor
83%
mundo
83%
nadie
83%
pánico
83%
paso
83%
pena
83%
Pero
83%
prefieras
83%
ritmo
83%
siento
83%
Sinceramente
83%
suena
83%
tiempo
83%
venas
83%
arriesgado
67%
canción
67%
condena
67%
corriendo
67%
Cruzar
67%
dedos
67%
esta
67%
los
67%
para
67%
piensas
67%
por
67%
robarme
67%
rogarle
67%
ser
67%
vivas
67%
Voy
67%
No matching quizzes found
Score Distribution
Percent of People with Each Score
Percentile by Number Answered
Your Score History
You have not taken this quiz